00431nam a22001337a 450000500170000000800410001702000150005808200170007310000200009024500970011026000430020730000130025050000340026320250121024720.0250121b |||||||| |||| 00| 0 eng d a8120618165 222a920bMIR aWinslow, M Rev aMemoir of Mrs. Harriet L. WinslowbThirteen Years a Member of the American Mission in Ceylon aNew YorkbAmerican Tract Societyc2003 a479 p ., aAbout Mrs. Harriet L. Winslow